DTC Questions I Missed (January 2025) - Statistics

General Stats
  • This quiz has been taken 221 times
  • The average score is 7 of 14
Answer Stats
Question Answer % Correct
What type of tree is General Sherman, the heaviest single-stem tree on Earth? Giant Sequoia
81%
What purple-colored beverage did McDonalds release in 2023? Grimace Shake
78%
What movie's opening scene depicted chimp-like creatures encountering a black monolith? 2001: A Space Odyssey
72%
What flower's petals range from pink to blue, depending on the pH of the soil? Hydrangea
56%
What company introduced the phrase "You've Got Mail" in the late 1990s? America Online
53%
What type of rock is granite? Igneous
47%
What tree's leaves are the main food source for silkworms? Mulberry
44%
Which of these products does Foxconn make? iPhones
41%
What Stephen King book is about a disease nicknamed Captain Trips which kills 99.4% of the human population? The Stand
41%
Which of these is NOT a nickname of Australia? The Southern Expanse
38%
With a population of 32 million, what is *technically* the most populous city in the world (though it covers an area the size of Austria)? Chongqing
34%
Which of these U.S. states does NOT touch the Mississippi River? Kansas
34%
What body of water is spanned by the world's longest suspension bridge – completed in 2022? The Dardanelles
31%
Who was the Queen of England during the events of the TV show "Bridgerton"? Charlotte
25%
No matching quizzes found
Score Distribution
Percent of People with Each Score
Percentile by Number Answered
Your Score History
You have not taken this quiz